Die chemoprophylaktische Enterobius Assanation

Podrobná bibliografia
Hlavní autori: Mislóczky, M. (Autor), Jurányi, R. (Autor)
Médium: Článok
Jazyk:slovenčina
nemčina

MARC

LEADER 00000nab a2200000ua 4500
001 vtls010763658
003 SK-MaSNL
005 20260304200638.0
008 250718s xo |||||||||||||||||slo|
035 |a (urnnbn)urn:nbn:sk:snk:ar-a05tn2 
035 |a (uuid)9aaa82fe-3e09-44a0-90fd-326121d57802 
035 |a urn:nbn:sk:snk-ab4ve9 
040 |a SNKBUCL  |b slo  |c SNKBUCL  |e AACR2 
041 0 |a ger 
044 |a xo  |c SK 
100 1 |a Mislóczky, M.  |4 aut  |9 1531977 
245 1 4 |a Die chemoprophylaktische Enterobius Assanation  |c M. Mislóczky, R. Jurányi 
700 1 |a Jurányi, R.  |4 aut  |9 1531978 
773 0 |t Helminthologia  |g Roč. 8-9, č. 1-4 (1967-68), s. 215-221 
850 |a Slovenská národná knižnica 
852 |a Slovenská národná knižnica 
958 |a article3 
958 |a OND 
958 |a EUIPO 
999 |c 3089931  |d 3091861